[Event "NOR-ch Class3"]
[Site "Sandefjord"]
[Date "2012.07.09"]
[Round "4"]
[White "Kyrkjebo, Eirik"]
[Black "Solberg, Werner"]
[Result "0-1"]
[WhiteElo "1492"]
[BlackElo "1421"]
[PlyCount "48"]
[EventDate "2012.07.07"]
[EventType "swiss"]
[EventRounds "9"]
[EventCountry "NOR"]
[SourceTitle "EXT 2024"]
[Source "ChessBase"]
[SourceDate "2023.10.10"]
[SourceVersion "1"]
[SourceVersionDate "2023.10.10"]
[SourceQuality "1"]

1. e4 Nc6 2. Nf3 Nf6 3. Nc3 e5 4. Bb5 d6 5. d4 Nd7 6. 0-0 Nxd4 7. Nxd4 exd4 8. Qxd4 a6 9. Ba4 b5 10. Bb3 Bb7 11. Bf4 Nf6 12. Rfe1 c5 13. Qd3 c4 14. Bxc4 bxc4 15. Qxc4 Be7 16. e5 dxe5 17. Rxe5 0-0 18. Rd1 Bd6 19. Re2 Ne8 20. Red2 Qh4 21. Rxd6 Nxd6 22. Rxd6 Rfe8 23. Rd1 Qg4 24. g3 Qf3 0-1